Hızlı Yazma - 1 ila 100 - Statistics

General Stats
  • This quiz has been taken 26 199 times
    26 195 since last reset
  • The average score is 66 of 100
Answer Stats
# % Correct
1
100%
2
99%
3
99%
4
98%
5
98%
6
98%
7
97%
8
97%
9
97%
11
94%
12
94%
10
93%
13
93%
14
93%
15
93%
16
92%
17
92%
18
91%
19
91%
21
91%
20
90%
22
90%
23
90%
24
89%
25
89%
26
88%
27
88%
28
88%
29
87%
30
87%
31
87%
32
87%
34
86%
33
85%
35
84%
36
84%
37
84%
38
83%
39
82%
40
81%
41
81%
42
80%
43
80%
44
79%
45
79%
46
77%
47
76%
48
76%
49
74%
50
73%
51
72%
52
72%
53
71%
54
70%
55
70%
56
69%
57
66%
58
65%
59
63%
60
62%
61
60%
62
59%
63
58%
64
57%
65
56%
66
56%
67
54%
68
51%
69
50%
70
48%
71
47%
72
46%
73
45%
74
43%
75
42%
76
41%
77
41%
78
39%
79
36%
80
34%
81
34%
82
33%
83
32%
84
31%
85
30%
88
29%
86
28%
87
28%
89
27%
90
26%
91
25%
92
24%
93
24%
94
23%
95
22%
99
22%
96
21%
97
21%
98
21%
100
18%
No matching quizzes found
Score Distribution
Percent of People with Each Score
Percentile by Number Answered
Your Score History
You have not taken this quiz since the last reset